Yaşamımıza müdahale ve belediyeler (Record no. 4078)

MARC details
000 -BAŞLIK
Sabit Uzunlukta Kontrol Alanı 00700na a2200253 4500
001 - KONTROL NUMARASI
Denetim Alanı 13417
003 - KONTROL NUMARASI IDENTIFIER
Denetim Alanı MIRAKIL
005 - SON İŞLEM TARİHİ VE ZAMANI
Denetim Alanı 20181213154952.0
008 - SABİT-BOY VERİ ELEMANLARI - GENEL BİLGİLER
Sabit Uzunlukta Kontrol Alanı 161010b tu 000 0
020 ## - ULUSLARARASI STANDART KİTAP NUMARASI
Uluslararası Standart Kitap Numarası 9786054938070
035 ## - SİSTEM KONTROL NUMARASI
Sistem Kontrol Numarası 13417
040 ## - KATALOGLAMA KAYNAK
Orijinal Kataloglama Ajansı Milas
Kataloglama Dili tur
Metne Dönüştürmek Ajansı TR-AnCHP
041 ## - DİL KODU
Metin / Ses Parça Veya Ayrı Başlığın Dil Kodu tur
082 ## - DEWEY ONLU SINIFLANDIRMA NUMARASI
Sınıflandırma Numarası 352
Ürün Numarası K29y 2014
090 ## - SINIFLAMA NUMARASI
Sınıflama Numarası 352 K29y 2014
100 ## - ANA GİRİŞ - KİŞİSEL İSİM
Kişisel Ad Kaymakçıoğlu, Fatih
245 ## - BAŞLIK TABLOSU
Başlık Yaşamımıza müdahale ve belediyeler
Sorumluluk Tablosu, Vb Fatih Kaymakçıoğlu
260 ## - YAYIN, DAĞITIM, VB
Yayın, Dağıtım, Vb Yeri Ankara
Yayıncı, Dağıtıcı, Vs Adı Ürün Yayınları
Yayın, Dağıtım, Vb Tarihi 2014
300 ## - FİZİKSEL TANIM
Kapsam 216 s.
Boyutlar 21 sm.
504 ## - KAYNAKÇA VB NOT
Kaynakça Vb Notu Kaynakça var.
650 ## - KONU KATMA GİRİŞ - TOPİKAL DÖNEM
Topikal Süreli Veya Coğrafi Ad Giriş Elemanı Yerel yönetimler
Genel Alt Bölümü Belediyeler
650 ## - KONU KATMA GİRİŞ - TOPİKAL DÖNEM
Topikal Süreli Veya Coğrafi Ad Giriş Elemanı Toplumsal sorunlar
Genel Alt Bölümü Yaşam standartları
942 ## - EKLENDİ GİRİŞ ELEMANLARI (KOHA)
Sınıflandırma Veya Raf Düzeni Kaynak Dewey Decimal Classification
Koha Öğesi Türü Books
999 ## - SİSTEM KONTROL NUMARALARI (KOHA)
Koha Biblionumber 4078
Koha Biblioitemnumber 4078
Holdings
Kalıcı Konum Mevcut Konum Edinme Tarihi Edinim Kaynak Toplam Check-Out'Lar Tam Çağrı Numarası Barkod Tarih Son Görülme İtibaren Geçerli Fiyatlar Koha Öğesi Türü
CHP Kütüphanesi CHP Kütüphanesi 08/13/2016 Bağış   352 K29y 2014 001186 08/13/2016 08/13/2016 Books